000
00294nam a22001337a 4500
008
170502b xxu||||| |||| 00| 0 eng d
020
_a
9780130797711
041
_a
eng
080
_a
373.9
100
_a
13
101
_a
SHJ
245
_a
BASIC CRIMINAL LAW
_c
DAVENPORT, A.U
942
_2
udc
_c
BK
999
_c
12341
_d
12341